00241nam a2200085Ia 450000100070000000500170000700800410002424500610006526000290012670753320250826162510.0250824s9999 xx 000 0 und d 0aKANKA BEYİN İNSAN VÜCUDU DERSLERİcMİCHAEL COX bBEYAZ BALİNA YAYINLARI